| Tag |
First Indicator |
Second Indicator |
Subfields |
| LEADER |
00000cam a2200000 i 4500 |
| 001 |
in00004354521 |
| 008 |
191024s2020 waua 000 p eng |
| 005 |
20250318222356.5 |
| 010 |
|
|
|a 2019038464
|
| 019 |
|
|
|a 1120099037
|
| 020 |
|
|
|a 9781950268078
|
| 020 |
|
|
|a 1950268071
|q hardcover
|
| 020 |
|
|
|a 9781950268061
|q paperback
|
| 020 |
|
|
|a 1950268063
|q paperback
|
| 035 |
|
|
|a (OCoLC)on1120090086
|
| 035 |
|
|
|a (OCoLC)1120090086
|z (OCoLC)1120099037
|
| 040 |
|
|
|a DLC
|b eng
|e rda
|c DLC
|d OCLCO
|d OCLCF
|d YDX
|d UtOrBLW
|
| 042 |
|
|
|a pcc
|
| 050 |
0 |
0 |
|a PS3556.I814572
|b M33 2020
|
| 082 |
0 |
0 |
|a 811/.54
|2 23
|
| 100 |
1 |
|
|a Fishman, Lisa,
|d 1966-
|e author.
|0 http://id.loc.gov/authorities/names/n97028488
|
| 245 |
1 |
0 |
|a Mad world, mad kings, mad composition /
|c Lisa Fishman.
|
| 250 |
|
|
|a First edition.
|
| 264 |
|
1 |
|a Seattle :
|b Wave Books,
|c [2020]
|
| 300 |
|
|
|a 179 pages :
|b illustrations ;
|c 24 cm.
|
| 336 |
|
|
|a text
|b txt
|2 rdacontent
|
| 337 |
|
|
|a unmediated
|b n
|2 rdamedia
|
| 338 |
|
|
|a volume
|b nc
|2 rdacarrier
|
| 490 |
1 |
|
|a Wave books ;
|v 087
|
| 520 |
|
|
|a "A collection of poems written between 2003 and 2019 by Lisa Fishman"--
|c Provided by publisher.
|
| 655 |
|
7 |
|a Poetry.
|2 fast
|0 (OCoLC)fst01423828
|
| 655 |
|
7 |
|a Poetry.
|2 lcgft
|0 http://id.loc.gov/authorities/genreForms/gf2014026481
|
| 830 |
|
0 |
|a Wave books (Seattle (Wash.)) ;
|v 087.
|0 http://id.loc.gov/authorities/names/no2018103394
|
| 852 |
8 |
|
|b pda,print
|z This title is available for the library to purchase for your use. Click the "Purchase It For Me" button to place a request. This item may take 5-10 business days to arrive.
|
| 955 |
|
|
|a Print PDA title
|
| 961 |
|
|
|m 565730
|
| 999 |
f |
f |
|s 2d37455e-0cbc-4a52-8ea0-0467a1c84748
|i c04e1137-a69f-3a9d-ab48-2df57dcd25e2
|t 0
|
| 952 |
f |
f |
|a Texas A&M University
|b College Station
|c Sterling C. Evans Library
|d Purchase on Demand
|t 0
|e PS3556.I814572 M33 2020
|h Library of Congress classification
|
| 998 |
f |
f |
|a PS3556.I814572 M33 2020
|t 0
|l Purchase on Demand
|